LEADER 00960naa a2200229 u 4500 001 000000094557 003 CaOOAMICUS 005 20070226130139.0 008 040503s1971 gw u000 u eng u 020 $a3110023954 035 $a10993159 040 $aIAR$bita 100 1 $aSmalley, Beryl,$d1905-1984.$0(OLS)http://pul/name/12442 245 10$aProblems of exegesis in the fourteenth century /$cBeryl Smalley. 250 $a2. durchgesehene Aufl. 260 $aBerlin :$bW. Gruyter,$c1971. 300 $aS. 266-274, ;$c25 cm 773 0 $aAntike und Orient im Mittelalter : Vorträge der Kölner Mediävistentagungen 1956-1959. 773 0 $tAntike und Orient im Mittelalter : Vorträge der Kölner Mediaevistentagungen 1956-1959$w()66747 996 $6020$a3110023954$9(OLS)http://pul/number/86584 996 $6245$aProblems of exegesis in the fourteenth century$9(OLS)http://pul/title/121425 996 $6260$aBerlin :$bW. Gruyter$9(OLS)http://pul/publisher/71440 LEADER 01586nam a2200325 u 4500 001 000000005589 003 CaOOAMICUS 005 20170519120349.0 008 941010s1937 it u000 u ita u 032 $aLibriCat 035 $a10143350 040 $aPUL(R)$bita 100 1 $aRosmini Serbati, Antonio,$cI.D.C.,$d1797-1855.$0(OLS)http://pul/name/586 245 10$aCompendio di etica /$cAntonio Rosmini ; a cura di Enrico Castelli. 260 $aRoma :$bEdizioni Roma,$c1937. 300 $axiii, 227 p. ;$c26 cm 490 1 $aOpere edite e inedite di Antonio Rosmini-Serbati ;$v6 500 $aNell'occhietto: Edizione nazionale delle opere edite e inedite di Antonio Rosmini promossa dalla Societā filosofica italiana e diretta da Enrico Castelli. 500 $aLa denominazione della Societā filosofica italiana, ente responsabile della pubblicazione, varia. 650 4$aEtica.$0(OLS)http://pul/subject/547 700 1 $aCastelli, Enrico,$cconte,$d1900-1977.$0(OLS)http://pul/name/669 710 2 $aIstituto di studi filosofici.$0(OLS)http://pul/name/672 830 0$aOpere edite e inedite di Antonio Rosmini-Serbati (dir. E. Castelli) ;$v6.$0(OLS)http://pul/title/8196 850 $aPUL 852 $aPUL$W1$xDP2 Filosofia 1$y62$m93 B 6$j7826$nBK-PRI$b $qStampati$B7826$CPULBib$Z2$F7826 $81 941 1 $a8 983 0$aEdizione nazionale delle opere edite e inedite di Antonio Rosmini Serbati. 996 $6245$aCompendio di etica$9(OLS)http://pul/title/8195 996 $6260$aRoma :$bEdizioni Roma$9(OLS)http://pul/publisher/50940